000
00352pab a2200157 454500
008
180718b2009 xxu||||| |||| 00| 0 eng d
100
_a
Bilgrami, Akeel
245
_a
Democracy and disenchantment
260
_c
2009
300
_a
p.4-21.
362
_a
Nov-Dec
650
_a
Democracy
773
_a
Social Scientist
908
_a
N
909
_a
85435
999
_c
85435
_d
85435